<?xml version="1.0" encoding="UTF-8"?>
<record
    xmlns:xsi="http://www.w3.org/2001/XMLSchema-instance"
    xsi:schemaLocation="http://www.loc.gov/MARC21/slim http://www.loc.gov/standards/marcxml/schema/MARC21slim.xsd"
    xmlns="http://www.loc.gov/MARC21/slim">

  <leader>00623nam a2200193Ia 4500</leader>
  <controlfield tag="003">OSt</controlfield>
  <controlfield tag="005">20260415091908.0</controlfield>
  <controlfield tag="008">210210b1974   xxu||||| |||| 00| 0 eng d</controlfield>
  <datafield tag="040" ind1=" " ind2=" ">
    <subfield code="c">AL</subfield>
  </datafield>
  <datafield tag="041" ind1=" " ind2=" ">
    <subfield code="a">Kannada</subfield>
  </datafield>
  <datafield tag="082" ind1=" " ind2=" ">
    <subfield code="a">954.023K KUPH</subfield>
  </datafield>
  <datafield tag="100" ind1=" " ind2=" ">
    <subfield code="a">KUPPUSWAMY (G R).</subfield>
    <subfield code="d">&#xC95;&#xCC1;&#xCAA;&#xCCD;&#xCAA;&#xCC1;&#xCB8;&#xCCD;&#xCB5;&#xCBE;&#xCAE;&#xCBF; (&#xC9C;&#xCBF; &#xC85;&#xCB0;&#xCCD;)</subfield>
    <subfield code="9">261577</subfield>
  </datafield>
  <datafield tag="245" ind1=" " ind2=" ">
    <subfield code="a">Hindudeshada charithre </subfield>
    <subfield code="b">&#xCB9;&#xCBF;&#xC82;&#xCA6;&#xCC1;&#xCA6;&#xCC7;&#xCB6;&#xCA6; &#xC9A;&#xCB0;&#xCBF;&#xCA4;&#xCCD;&#xCB0;&#xCC6; (&#xC95;&#xCCD;&#xCB0;&#xCBF;. &#xCB6; 1206-1707)</subfield>
  </datafield>
  <datafield tag="260" ind1=" " ind2=" ">
    <subfield code="a">Dharavada.</subfield>
    <subfield code="b">Karnataka Vishwavidyanilaya.,</subfield>
    <subfield code="c">1974</subfield>
  </datafield>
  <datafield tag="300" ind1=" " ind2=" ">
    <subfield code="a">viii,468,ii</subfield>
  </datafield>
  <datafield tag="690" ind1=" " ind2=" ">
    <subfield code="a">Indian History</subfield>
    <subfield code="9">261578</subfield>
  </datafield>
  <datafield tag="906" ind1=" " ind2=" ">
    <subfield code="a">034431</subfield>
  </datafield>
  <datafield tag="942" ind1=" " ind2=" ">
    <subfield code="2">ddc</subfield>
    <subfield code="c">BK</subfield>
  </datafield>
  <datafield tag="999" ind1=" " ind2=" ">
    <subfield code="c">85165</subfield>
    <subfield code="d">85165</subfield>
  </datafield>
  <datafield tag="952" ind1=" " ind2=" ">
    <subfield code="0">0</subfield>
    <subfield code="1">0</subfield>
    <subfield code="2">ddc</subfield>
    <subfield code="4">0</subfield>
    <subfield code="7">0</subfield>
    <subfield code="8">HIS</subfield>
    <subfield code="a">AL</subfield>
    <subfield code="b">AL</subfield>
    <subfield code="c">History</subfield>
    <subfield code="d">2021-02-17</subfield>
    <subfield code="g">20.00</subfield>
    <subfield code="l">0</subfield>
    <subfield code="o">954.023K KUPH</subfield>
    <subfield code="p">034431</subfield>
    <subfield code="r">2021-02-17 00:00:00</subfield>
    <subfield code="w">2021-02-17</subfield>
    <subfield code="y">BK</subfield>
  </datafield>
</record>
